Представление документа в формате MARC21

Поле Инд. ПП Название Значение
Тип записи a
Библиографический уровень m
001 Контрольный номер 3d616648-115d-4edc-8793-7da25d6cb152
005 Дата корректировки 20131112085317.2
008 Кодируемые данные 040114
020 c Цена, тираж 27.00
040 a Служба первич. каталог. НБ ТвГУ
041 a Код языка текста rus
080 a Индекс УДК 791.43-2(1-87)
084 a Индекс другой классификации/Индекс ББК Щ374.3(3)6-3
090 a Полочн. индекс 778И
x Авторский знак М27
100 1_ a Автор Маркулан Янина Казимировна
245 10 a Заглавие Зарубежный кинодетектив
b Продолж. заглавия Опыт изучения одного из жанров буржуаз. массовой культуры
c Ответственность Янина Маркулан; [Ленингр. гос. ин-т театра, музыки и кинематографии]
260 0_ a Место издания Ленинград
b Издательство Искусство
c Дата издания 1975
300 a Объем 164,[3] с.
b Иллюстрации/ тип воспроизводства [8] л. ил.
583 a Действие Приписка 2 14.01.2004
k Исполнитель действия Дар Баранова О.А.
650 a Основная рубрика Киноискусство
x Основная подрубрика История
y Хронологическая подрубрика 20 в.
z Географическая подрубрика Зарубежные страны
650 a Основная рубрика Кинофильмы детективные
653 a Ключевые слова Детективные фильмы
a Ключевые слова Зарубежное кино
a Ключевые слова История киноискусства
a Ключевые слова Кинодетективы
a Ключевые слова Киноискусство
852 t Порядковый номер экземпляра 1
p Инвентарный номер 775653
852 t Порядковый номер экземпляра 1
p Инвентарный номер 406404
852 t Порядковый номер экземпляра 1
p Инвентарный номер 406403
888 a Бесплатные
952 p 2.2004 27.00 1 775653
c Вид литературы К рн
954 a Дата поступления на обработку 20040120
999 a Подразделение 2 ОРК
a Подразделение 2 кх.
a Подразделение 2 аб.